Statistiken für Stadien Großbritanniens

Klicken Sie hier um das Quiz zu spielen!

Allgemein

  • Dieses Quiz wurde 154 mal gespielt
  • Das Durchschnittsergebnis liegt bei 10 aus 20

Antwortstatistiken

HintAntwort% Korrekt
AnfieldFC Liverpool
98%
Stamford BridgeFC Chelsea
97%
Villa ParkAston Villa
90%
Etihad StadiumManchester City
90%
Old TraffordManchester United
90%
Emirates StadiumFC Arsenal
86%
Celtic ParkCeltic Glasgow
79%
Goodison ParkFC Everton
68%
Olympiastadion LondonWest Ham United
68%
King Power StadiumLeicester City
59%
St. James’ ParkNewcastle United
57%
Ibrox StadiumGlasgow Rangers
47%
Stadium of LightAFC Sunderland
26%
Elland RoadLeeds United
23%
Loftus RoadQueens Park Rangers
15%
City GroundNottingham Forest
14%
The DenFC Millwall
13%
The HawthornsWest Bromwich Albion
12%
Bramall LaneSheffield United
9%
Hampden ParkFC Queen’s Park
5%

Verteilung der Resultate

Perzentil nach korrekt beantworteten Fragen

Anzahl Personen mit jedem Resultat

Ihre Resultats-Entwicklung

Sie haben dieses Quiz noch nicht gespielt